| 000 | 00953cam a22002531 4500 | ||
|---|---|---|---|
| 001 | e 09000652 | ||
| 003 | DLC | ||
| 005 | 20260227111150.0 | ||
| 007 | cr_||||||||||| | ||
| 008 | 911019s1909 dcu b 000 0 eng c | ||
| 010 | _ae 09000652 | ||
| 035 | _a(OCoLC)24588540 | ||
| 040 |
_aLibrary, U.S. Bur. of Education _cRPB _dRPB _dDLC |
||
| 042 | _apremarc | ||
| 050 | 0 | 0 |
_aZ8505 _b.D61 |
| 110 | 1 |
_aDistrict of Columbia. _bBoard of Education. |
|
| 245 | 1 | 0 |
_aPublic schools of the District of Columbia. _bObservance of Lincoln centenary, February 12, 1909. |
| 260 |
_aWashington, _bN.T. Elliott Printing Co, _c1909. |
||
| 300 |
_a20 p. _c23 cm. |
||
| 505 | 0 | _aSuggestions for the observance of the Lincoln centenary.--A brief Lincoln bibliography. | |
| 530 | _aAlso available in digital form on the Internet Archive Web site. | ||
| 600 | 1 | 0 |
_aLincoln, Abraham, _d1809-1865 _vBibliography. |
| 856 | 4 | 1 | _uhttp://hdl.loc.gov/loc.gdc/scd0001.00058529163 |
| 999 |
_c18796 _d18796 |
||